000 00578nam a2200169 a 4500
001 000005663
005 20241017090756.0
008 090821s2007 dr 000 0 spa d
040 _aDO-SdBNP
_bspa
_cBNPHU
082 _axxxx
_bE79m
100 1 _aEstévez Aristy, Justiniano,
_d1962-
_93212
245 1 0 _aMemoria de la hiedra seca /
_cJustiniano Estévez Aristy.
260 _aPuerto Plata, República Dominicana :
_bSociedad Cultural Renovación :
_bBrugal,
_c2007.
300 _a111 p. ;
_c23 cm.
500 _aGanador Concurso Literario Por Nuestro País Primero
049 _aBNPD
999 _c5461
_d5461